书目信息 |
| 题名: |
苏峻丰诗选
|
|
| 作者: | 苏峻丰 著 | |
| 分册: | 第一卷 | |
| 出版信息: | 北京 中国文史出版社 2009.09 |
|
| 页数: | 14,485页 | |
| 开本: | 23cm | |
| 丛书名: | ||
| 单 册: | ||
| 中图分类: | I227 | |
| 科图分类: | ||
| 主题词: | 新诗 , 新诗--中国--现代--选集 | |
| 电子资源: | ||
| ISBN: | 978-7-5034-2470-0 | |
| 000 | 00629nam0 22002291 450 | |
| 001 | 004390484 | |
| 005 | 20111226091813.06 | |
| 010 | @a978-7-5034-2470-0@dCNY58.00 | |
| 096 | @aI227@bsjf | |
| 100 | @a20100119d2009 em y0chiy50 ea | |
| 101 | 0 | @achi |
| 102 | @aCN@b110000 | |
| 105 | @aa z 000gy | |
| 200 | 1 | @a苏峻丰诗选@9su jun feng shi xuan@h第一卷@f苏峻丰著 |
| 210 | @a北京@c中国文史出版社@d2009.09 | |
| 215 | @a14,485页@c照片@d23cm | |
| 606 | 0 | @a新诗 |
| 606 | 0 | @a新诗@y中国@z现代@j选集 |
| 690 | @aI227@v4 | |
| 701 | 0 | @a苏峻丰@9su jun feng@4著 |
| 801 | 0 | @c20111226 |
| 905 | @a郑州市财税学校图书馆@dI227@eS807@f3 | |
| 苏峻丰诗选.第一卷/苏峻丰著.-北京:中国文史出版社,2009.09 |
| 14,485页:照片;23cm |
| ISBN 978-7-5034-2470-0:CNY58.00 |
| ● |
| 相关链接 |
|
|
|
正题名:苏峻丰诗选
索取号:I227/S807
 
预约/预借
| 序号 | 登录号 | 条形码 | 馆藏地/架位号 | 状态 | 备注 |
| 1 | 1065573 | 210655735 | 文学库108/400B社科库 24排4列3层/ [索取号:I227/S807] | 在馆 | |
| 2 | 1065574 | 210655744 | 文学库108/108文学库 18排8列4层/ [索取号:I227/S807] | 在馆 | |
| 3 | 1065575 | 210655753 | 文学库108/108文学库 18排8列4层/ [索取号:I227/S807] | 在馆 |